The biology coloring book / (Record no. 87777)
[ view plain ]
| 000 -LEADER | |
|---|---|
| campo de control de longitud fija | 00926cam a2200313 a 4500 |
| 001 - NÚMERO DE CONTROL | |
| campo de control | 109899 |
| 005 - FECHA Y HORA DE LA ÚLTIMA TRANSACCIÓN | |
| campo de control | 20230410132804.0 |
| 008 - DATOS DE LONGITUD FIJA--INFORMACIÓN GENERAL | |
| campo de control de longitud fija | 870923s1986 nyua 001 0 eng |
| 035 ## - NÚMERO DE CONTROL DEL SISTEMA | |
| -- | (DLC) 87107679 |
| 035 ## - NÚMERO DE CONTROL DEL SISTEMA | |
| Número de control de sistema | 1953061 |
| 010 ## - NÚMERO DE CONTROL DE LA BIBLIOTECA DEL CONGRESO | |
| Número de control de LC | 87107679 |
| 020 ## - NÚMERO INTERNACIONAL ESTÁNDAR DEL LIBRO | |
| Número Internacional Estándar del Libro | 0064603075 (pbk.) : |
| Condiciones de disponibilidad | $9.95 |
| 040 ## - FUENTE DE CATALOGACIÓN | |
| Centro catalogador/agencia de origen | DLC |
| Centro/agencia transcriptor | DLC |
| Centro/agencia modificador | DLC |
| 050 14 - SIGNATURA TOPOGRÁFICA DE LA BIBLIOTECA DEL CONGRESO | |
| Número de clasificación | QH 308.2 |
| Número de ítem | G852b 1986 |
| 082 00 - NÚMERO DE LA CLASIFICACIÓN DECIMAL DEWEY | |
| Número de clasificación | 574 |
| 100 1# - ENTRADA PRINCIPAL--NOMBRE DE PERSONA | |
| Nombre de persona | Griffin, Robert D. |
| 245 14 - MENCIÓN DEL TÍTULO | |
| Título | The biology coloring book / |
| Mención de responsabilidad, etc. | by Robert D. Griffin ; illustrations by Cinthea Vadala. |
| 250 ## - MENCION DE EDICION | |
| Mención de edición | 1st ed. |
| 260 ## - PUBLICACIÓN, DISTRIBUCIÓN, ETC. | |
| Lugar de publicación, distribución, etc. | New York : |
| Nombre del editor, distribuidor, etc. | Barnes & Noble Books, |
| Fecha de publicación, distribución, etc. | [1986] |
| 300 ## - DESCRIPCIÓN FÍSICA | |
| Extensión | 233 p. : |
| Otras características físicas | ill. ; |
| Dimensiones | 28 cm. |
| 500 ## - NOTA GENERAL | |
| Nota general | Includes index. |
| 650 #0 - PUNTO DE ACCESO ADICIONAL DE MATERIA--TÉRMINO DE MATERIA | |
| Término de materia o nombre geográfico como elemento de entrada | Biology. |
| 650 #0 - PUNTO DE ACCESO ADICIONAL DE MATERIA--TÉRMINO DE MATERIA | |
| Término de materia o nombre geográfico como elemento de entrada | Coloring books. |
| 650 #4 - PUNTO DE ACCESO ADICIONAL DE MATERIA--TÉRMINO DE MATERIA | |
| Término de materia o nombre geográfico como elemento de entrada | Biología. |
| 650 #4 - PUNTO DE ACCESO ADICIONAL DE MATERIA--TÉRMINO DE MATERIA | |
| Término de materia o nombre geográfico como elemento de entrada | Libros para colorear. |
| 856 42 - LOCALIZACIÓN Y ACCESO ELECTRÓNICOS | |
| Materiales especificados | Publisher description |
| Identificador Uniforme de Recursos | <a href="http://www.loc.gov/catdir/description/hc044/87107679.html">http://www.loc.gov/catdir/description/hc044/87107679.html</a> |
| 942 ## - ELEMENTOS DE ENTRADA SECUNDARIOS (KOHA) | |
| Fuente del sistema de clasificación o colocación | Clasificación de Library of Congress |
| Tipo de ítem Koha | |
| 946 ## - PROCESAMIENTO DE INFORMACIÓN LOCAL (OCLC) | |
| a | YSL |
| Estatus retirado | Estado de pérdida | Fuente del sistema de clasificación o colocación | Estado de daño | No para préstamo | Colección | Biblioteca de origen | Biblioteca actual | Ubicación en estantería | Fecha de adquisición | Serial enumeration / chronology | Signatura topográfica completa | Código de barras | Visto por última vez | Copia número | Tipo de ítem Koha |
|---|---|---|---|---|---|---|---|---|---|---|---|---|---|---|---|
| Clasificación de Library of Congress | Humanidades | Biblioteca Juan Bosch | Biblioteca Juan Bosch | Humanidades (4to. Piso) | 10/04/2023 | 1 | QH 308.2 G852b 1986 | 00000103700 | 25/10/2018 | 1 |
